00692nam a2200229Ia 45000010006000000050017000060070003000230080041000260200007000670400025000740410008000990820021001071000031001282450065001592500013002242600032002373000021002696530014002909420012003049520129003169990017004454749520240114003833.0ta090505s1956 g b000 u 346 u cHB aCotton College,Assam a346 a954.084bC 392 P aChattopadhyay, Tasamohan . 0aPolashi Judha /cTasamohan Chattopadhyay.hTextual Documents a2nd ed / aCalcutta :bNavana ,c1956. a1742 p ;c23 cm. aG-Bengali 2ddccBK 001040708Circulation(G)aSKBLbSKBLd2012-02-01f00000l0o954.084 C 392 Pp40982r2024-01-14 00:00:00t1w2012-02-01yBK c47460d47460